The ear and hearing

Bibliographic Details
Main Author: Parker, Steve
Format: Book
Published: London : Franklin Watts , 1989
Series:The human body
Subjects:

MARC

LEADER 00000cam a2200000 7i4500
001 0000005560
002 000006012
005 20081104.0
020 |a 0863138632 
090 0 0 |a 611   |b HUM 
100 1 |a Parker, Steve 
245 1 4 |a The ear and hearing   |c Steve Parker 
260 |a London :   |b Franklin Watts ,   |c 1989 
300 |a 40p. ;   |c 27cm. 
490 0 |a The human body 
650 0 0 |a Ears   |x Juvenile literature 
999 |a 016267   |b BUKU   |c JUNIOR BOOKS   |e PERPUSTAKAAN KOMUNITI PETALING JAYA